|
|
|
|
| LEADER |
01013cam a2200289 a 4500 |
| 001 |
c000276447 |
| 003 |
CARM |
| 005 |
20071116081944.0 |
| 008 |
840417s1963 enk b 001 0 eng d |
| 019 |
1 |
|
|a 3002931
|z 28337383
|z 24111840
|z 21591421
|z 53527718
|z 55530056
|5 LACONCORD2021
|
| 035 |
|
|
|a (OCoLC)872715
|5 LACONCORD2021
|
| 040 |
|
|
|a AUC
|b eng
|c AUC
|d XNTU
|d VCAV
|
| 043 |
|
|
|a e-uk---
|
| 082 |
0 |
4 |
|a 347.42/01
|2 20
|
| 082 |
0 |
4 |
|a 347.4201
|2 22
|
| 082 |
0 |
4 |
|a 347.42/01
|2 20
|
| 100 |
1 |
|
|a Archer, Peter,
|d 1926-
|
| 245 |
1 |
4 |
|a The Queen's courts /
|c Peter Archer.
|
| 250 |
|
|
|a 2nd ed.
|
| 260 |
|
|
|a Harmondsworth, Middlesex :
|b Penguin,
|c 1963.
|
| 300 |
|
|
|a x, 293 p. ;
|c 18 cm.
|
| 500 |
|
|
|a Includes index.
|
| 504 |
|
|
|a Bibliography: p. 286.
|
| 650 |
|
0 |
|a Courts
|z Great Britain.
|
| 852 |
8 |
|
|b CARM
|h A1:AP05A0
|i A05403
|p 0396459
|f BK
|
| 999 |
f |
f |
|i 5b37a142-014f-535f-b96c-962972b6ce02
|s 259c1809-f769-59f8-9e24-ccdf10c74698
|
| 952 |
f |
f |
|p Can circulate
|a CAVAL
|b CAVAL
|c CAVAL
|d CARM 1 Store
|e A05403
|f A1:AP05A0
|h Other scheme
|i book
|m 0396459
|